Utopía /
Conferencia en que se proponen diferentes caracterizaciones del concepto de utopía: identificación de lo posible con lo deseable; identificación de lo utópico como lo objetivamente posible o como lo necesario. Se habla, también, momento histórico que significan las dos últimas décadas del siglo XX,...
Bewaard in:
| Hoofdauteur: | |
|---|---|
| Andere auteurs: | , , , |
| Formaat: | |
| Taal: | Spaans |
| Gepubliceerd in: |
México :
UNAM, Centro de Investigaciones Interdisciplinarias en Ciencias y Humanidades,
1998, c1998
|
| Reeks: | (Videoteca de Ciencias y Humanidades. Conceptos)
|
| Onderwerpen: | |
| Tags: |
Geen labels, Wees de eerste die dit record labelt!
|
MARC
| LEADER | 00000ngm^a2200000^a^4500 | ||
|---|---|---|---|
| 001 | 000116469 | ||
| 005 | 20250521000000.0 | ||
| 009 | 20260310094132.241 | ||
| 037 | |a Acervo ITESO - Biblioteca | ||
| 041 | |a ESP | ||
| 082 | |a 320. 07 |b ZEM | ||
| 100 | |a Zemelman, Hugo |e (conferencia) | ||
| 245 | 1 | 0 | |a Utopía / |c Conferencia de H. Zemelman ; realización de P. González Casanova. |
| 264 | 4 | |a México : |b UNAM, Centro de Investigaciones Interdisciplinarias en Ciencias y Humanidades, |c 1998, c1998 | |
| 300 | |a 1 videocasete VHS |c (59 min.) | ||
| 336 | |a imagen móvil bidimensional |b tdi |2 rdacontenido | ||
| 337 | |a video |b v |2 rdamedio | ||
| 338 | |a videocasete |b vf |2 rdasoporte | ||
| 440 | 1 | |a (Videoteca de Ciencias y Humanidades. |p Conceptos) | |
| 520 | |a Conferencia en que se proponen diferentes caracterizaciones del concepto de utopía: identificación de lo posible con lo deseable; identificación de lo utópico como lo objetivamente posible o como lo necesario. Se habla, también, momento histórico que significan las dos últimas décadas del siglo XX, durante las cuales se ha perdido el metadiscurso que da sentido al concepto de utopía. | ||
| 649 | |a XX | ||
| 650 | |a Utopía - |x Tema Principal | ||
| 650 | |a Política | ||
| 650 | |a Historia | ||
| 650 | |a Sociología | ||
| 650 | |a Filosofía | ||
| 700 | |a González Casanova, Pablo |e (realización) | ||
| 700 | |a Ponce Naveda, Martín Hugo |e (fotógrafo) | ||
| 700 | |a Valenzuela, Víctor Hugo |e (fotógrafo) | ||
| 700 | |a Aroeste Konigsberg, Enrique |e (música) | ||
| 910 | |a Fondo General | ||
| 920 | |a Audiovisuales - Videocasetes | ||
| 905 | |a 301 | ||
| 901 | |a 0500024389 |b IT2 |c VIS |u 20250521 | ||
| 902 | |a https://opac.biblio.iteso.mx/vufind/Record/000116469 | ||